Normal view
MARC view
Entry Personal Name
001 - CONTROL NUMBER
- control field: 44766
003 - CONTROL NUMBER IDENTIFIER
- control field: OSt
005 - DATE AND TIME OF LATEST TRANSACTION
- control field: 20240429122122.0
008 - FIXED-LENGTH DATA ELEMENTS
- fixed length control field: 240429|| aca||aabn | a|a d
040 ## - CATALOGING SOURCE
- Original cataloging agency: OSt
- Transcribing agency: OSt
100 ## - HEADING--PERSONAL NAME
- Personal name: Ferrie, Joseph P.
670 ## - SOURCE DATA FOUND
- Source citation: Work cat.: (OSt)525970: Ferrie, Joseph P. , Deaton, Angus. economics in America: An immigrant economist explores the land of inequality
